<?xml version="1.0" encoding="UTF-8"?>
<record
    xmlns:xsi="http://www.w3.org/2001/XMLSchema-instance"
    xsi:schemaLocation="http://www.loc.gov/MARC21/slim http://www.loc.gov/standards/marcxml/schema/MARC21slim.xsd"
    xmlns="http://www.loc.gov/MARC21/slim">

  <leader>00310nam a22001097a 4500</leader>
  <datafield tag="082" ind1=" " ind2=" ">
    <subfield code="a">334.7 JIN</subfield>
  </datafield>
  <datafield tag="100" ind1=" " ind2=" ">
    <subfield code="a">Wang Jing Xu Yanjun</subfield>
  </datafield>
  <datafield tag="245" ind1=" " ind2=" ">
    <subfield code="a">Shake Hands with the Ambassador</subfield>
    <subfield code="c">Wang Jing Xu Yanjun Wang Ke Tang Jun</subfield>
  </datafield>
  <datafield tag="300" ind1=" " ind2=" ">
    <subfield code="a">137p</subfield>
  </datafield>
  <datafield tag="942" ind1=" " ind2=" ">
    <subfield code="2">ddc</subfield>
    <subfield code="c">BK</subfield>
  </datafield>
  <datafield tag="999" ind1=" " ind2=" ">
    <subfield code="c">541261</subfield>
    <subfield code="d">541261</subfield>
  </datafield>
  <datafield tag="952" ind1=" " ind2=" ">
    <subfield code="0">0</subfield>
    <subfield code="1">0</subfield>
    <subfield code="2">ddc</subfield>
    <subfield code="3">Donated by Rector NUST Islamabad</subfield>
    <subfield code="4">0</subfield>
    <subfield code="6">334_700000000000000_JIN</subfield>
    <subfield code="7">0</subfield>
    <subfield code="9">501489</subfield>
    <subfield code="a">CL</subfield>
    <subfield code="b">CL</subfield>
    <subfield code="c">CHIST</subfield>
    <subfield code="d">2021-02-11</subfield>
    <subfield code="e">Donation</subfield>
    <subfield code="o">334.7 JIN</subfield>
    <subfield code="p">CL-D-1046</subfield>
    <subfield code="r">2021-02-11</subfield>
    <subfield code="w">2021-02-11</subfield>
    <subfield code="y">BK</subfield>
  </datafield>
</record>
